Spurgeon on the providence of God / (Record no. 4638)

MARC details
000 -LEADER
fixed length control field 01227cam a2200349Ia 4500
001 - CONTROL NUMBER
control field 470259
003 - CONTROL NUMBER IDENTIFIER
control field GBCCL
005 - DATE AND TIME OF LATEST TRANSACTION
control field 20241126110523.0
008 - FIXED-LENGTH DATA ELEMENTS--GENERAL INFORMATION
fixed length control field 880302q19001988flu 000 0 eng d
035 ## - SYSTEM CONTROL NUMBER
System control number (OCoLC)ocm17564760
035 ## - SYSTEM CONTROL NUMBER
System control number (OCoLC)17564760
040 ## - CATALOGING SOURCE
Original cataloging agency WTS
Language of cataloging eng
Transcribing agency WTS
Modifying agency OCLCG
-- OCLCQ
-- OCLCF
-- OCLCQ
-- OCLCO
-- OCL
-- LBB
049 ## -
-- LBBC
050 #4 -
-- BT135
-- .S68 1900z
082 04 - DEWEY DECIMAL CLASSIFICATION NUMBER
Classification number 231.7
Item number SPU
100 1# - MAIN ENTRY--PERSONAL NAME
Personal name Spurgeon, C. H.
Fuller form of name (Charles Haddon),
Dates associated with a name 1834-1892.
9 (RLIN) 222
245 10 - TITLE STATEMENT
Title Spurgeon on the providence of God /
Statement of responsibility, etc. C.H. Spurgeon.
260 ## - PUBLICATION, DISTRIBUTION, ETC.
Place of publication, distribution, etc. MacDill AFB, Fla. :
Name of publisher, distributor, etc. Tyndale Bible Society,
Date of publication, distribution, etc. [19--]
300 ## - PHYSICAL DESCRIPTION
Extent 105 pages ;
Dimensions 22 cm
336 ## - CONTENT TYPE
Content type term text
Content type code txt
Source rdacontent
337 ## - MEDIA TYPE
Media type term unmediated
Media type code n
Source rdamedia
338 ## - CARRIER TYPE
Carrier type term volume
Carrier type code nc
Source rdacarrier
648 #7 - SUBJECT ADDED ENTRY--CHRONOLOGICAL TERM
Chronological term 1800-1899
Source of heading or term fast
9 (RLIN) 8527
650 #0 - SUBJECT ADDED ENTRY--TOPICAL TERM
Topical term or geographic name entry element Providence and government of God.
9 (RLIN) 4757
650 #0 - SUBJECT ADDED ENTRY--TOPICAL TERM
Topical term or geographic name entry element Baptists
Form subdivision Sermons.
9 (RLIN) 464
650 #0 - SUBJECT ADDED ENTRY--TOPICAL TERM
Topical term or geographic name entry element Sermons, English
Chronological subdivision 19th century.
9 (RLIN) 2859
650 #7 - SUBJECT ADDED ENTRY--TOPICAL TERM
Topical term or geographic name entry element Baptists.
Source of heading or term fast
Authority record control number or standard number (OCoLC)fst00827285
9 (RLIN) 2887
650 #7 - SUBJECT ADDED ENTRY--TOPICAL TERM
Topical term or geographic name entry element Providence and government of God.
Source of heading or term fast
Authority record control number or standard number (OCoLC)fst01080657
9 (RLIN) 4757
650 #7 - SUBJECT ADDED ENTRY--TOPICAL TERM
Topical term or geographic name entry element Sermons, English.
Source of heading or term fast
Authority record control number or standard number (OCoLC)fst01113250
9 (RLIN) 1092
655 #7 - INDEX TERM--GENRE/FORM
Genre/form data or focus term Sermons.
Source of term fast
Authority record control number or standard number (OCoLC)fst01423904
9 (RLIN) 6402
942 ## - ADDED ENTRY ELEMENTS (KOHA)
Source of classification or shelving scheme Dewey Decimal Classification
Koha item type Books
Holdings
Withdrawn status Lost status Source of classification or shelving scheme Damaged status Not for loan Home library Current Library Shelving location Date acquired Total checkouts Full call number Barcode Date last seen Copy number Price effective from Koha item type
    Dewey Decimal Classification     GRACE BIBLE COLLEGE GRACE BIBLE COLLEGE Theology 2018-01-29   231.7 SPU 004134 2025-05-01 c.1 2018-01-29 Books
© Grace Bible College Library 2025